Gaming Quiz

Random Gaming or Mythology Quiz

Age of Mythology God Powers Quiz Stats

 Plays Quiz not verified by Sporcle

Challenge
Share
Tweet
Embed
Score 0/48 Timer 05:00
0 Plays Today
God Power % Correct
ArtemisEarthquake
82.2%
ZeusBolt
82%
ThothMeteor
78%
HeraLightning Storm
75.4%
HephaestusPlenty
75.2%
LokiSpy
72.6%
RaRain
72.6%
HorusTornado
71.1%
PoseidonLure
68.5%
BaldrRagnarok
67%
OsirisSon of Osiris
67%
ThorDwarven Mine
66.5%
DionysusBronze
64.3%
HelNidhogg
63.9%
HadesSentinel
63.3%
FreyjaForest Fire
62.2%
ApolloUnderworld Passage
61.7%
HermesCeasefire
61.3%
AresPestilence
59.3%
AphroditeCurse
58.7%
SkadiFrost
58.5%
HeimdallUndermine
57%
SekhmetCitadel
57%
PtahShifting Sands
56.1%
God Power % Correct
ForsetiHealing Spring
55.7%
AthenaRestoration
55.7%
OdinGreat Hunt
53.7%
BastEclipse
53.7%
TyrFimbulwinter
53.3%
BragiFlaming Weapons
50.7%
NephthysAncestors
50.7%
SetVision
50%
NjordWalking Woods
49.8%
IsisProsperity
48.3%
KronosDeconstruction
46.7%
AtlasImplode
45.4%
GaiaGaia's Forest
40.9%
RheiaTraitor
40.9%
AnubisPlague of Serpents
38.3%
HathorLocust Swarm
38%
OranosShockwave
36.7%
HeliosVortex
36.5%
PrometheusValor
35.2%
HekateTartarian Gate
31.7%
HyperionChaos
31.5%
OceanusCarnivora
29.3%
TheiaHesperides
29.1%
LetoSpider Lair
27.8%

You're not logged in!

Compare scores with friends on all Sporcle quizzes.
Join for Free
OR
Log In

You Might Also Like...

Show Comments

Extras

Top Quizzes Today


Score Distribution

Your Account Isn't Verified!

In order to create a playlist on Sporcle, you need to verify the email address you used during registration. Go to your Sporcle Settings to finish the process.

Report this User

Report this user for behavior that violates our Community Guidelines.

Details: